<?xml version="1.0" encoding="UTF-8"?>
<record
    xmlns:xsi="http://www.w3.org/2001/XMLSchema-instance"
    xsi:schemaLocation="http://www.loc.gov/MARC21/slim http://www.loc.gov/standards/marcxml/schema/MARC21slim.xsd"
    xmlns="http://www.loc.gov/MARC21/slim">

  <leader>01110nam a2200277 i 4500</leader>
  <controlfield tag="001">9675</controlfield>
  <controlfield tag="003">ES-MaACL</controlfield>
  <controlfield tag="005">20230906145731.0</controlfield>
  <controlfield tag="007">t|</controlfield>
  <controlfield tag="008">931124s1993    sp           ||||1| spa d</controlfield>
  <datafield tag="020" ind1=" " ind2=" ">
    <subfield code="a">84-86852-23-4</subfield>
  </datafield>
  <datafield tag="080" ind1=" " ind2=" ">
    <subfield code="a">061.3(464.1)"1991": 159.9</subfield>
  </datafield>
  <datafield tag="080" ind1=" " ind2=" ">
    <subfield code="a">361:159.9(063)</subfield>
  </datafield>
  <datafield tag="111" ind1="2" ind2=" ">
    <subfield code="a">Jornadas de Psicolog&#xED;a de la Intervenci&#xF3;n Social (</subfield>
    <subfield code="n">3&#xAA;. </subfield>
    <subfield code="d">1991.</subfield>
    <subfield code="c">Madrid)</subfield>
    <subfield code="9">816</subfield>
  </datafield>
  <datafield tag="245" ind1="1" ind2="0">
    <subfield code="a">III Jornadas de psicolog&#xED;a de la intervenci&#xF3;n social </subfield>
    <subfield code="b">: Madrid, 27, 28 y 29 de noviembre de 1991 / </subfield>
    <subfield code="c">Colegio Oficial de Psic&#xF3;logos, Delegaci&#xF3;n de Madrid.</subfield>
  </datafield>
  <datafield tag="260" ind1=" " ind2=" ">
    <subfield code="a">Madrid : </subfield>
    <subfield code="b">Instituto Nacional de Servicios Sociales, </subfield>
    <subfield code="c">D.L. 1993.</subfield>
  </datafield>
  <datafield tag="300" ind1=" " ind2=" ">
    <subfield code="a">3 v.(1430 p.) ; </subfield>
    <subfield code="c">22 cm.</subfield>
  </datafield>
  <datafield tag="490" ind1="1" ind2=" ">
    <subfield code="a">Servicios sociales ; </subfield>
    <subfield code="v">19</subfield>
  </datafield>
  <datafield tag="500" ind1=" " ind2=" ">
    <subfield code="a">Indice.</subfield>
  </datafield>
  <datafield tag="650" ind1=" " ind2=" ">
    <subfield code="a">Asistencia social-</subfield>
    <subfield code="x">Aspectos psicol&#xF3;gicos.</subfield>
    <subfield code="9">10378</subfield>
  </datafield>
  <datafield tag="710" ind1="2" ind2=" ">
    <subfield code="a">Colegio Oficial de Psic&#xF3;logos (Espa&#xF1;a). </subfield>
    <subfield code="b">Delegaci&#xF3;n de Madrid.</subfield>
    <subfield code="9">2978</subfield>
  </datafield>
  <datafield tag="710" ind1="2" ind2=" ">
    <subfield code="a">Instituto Nacional de Servicios Sociales (Espa&#xF1;a)</subfield>
    <subfield code="9">5189</subfield>
  </datafield>
  <datafield tag="830" ind1="0" ind2=" ">
    <subfield code="a">Servicios sociales ; </subfield>
    <subfield code="v">19</subfield>
    <subfield code="9">178582</subfield>
  </datafield>
  <datafield tag="852" ind1=" " ind2=" ">
    <subfield code="a">ES-MaACL</subfield>
    <subfield code="j">L-17088-90 </subfield>
    <subfield code="b">R.121649</subfield>
  </datafield>
  <datafield tag="999" ind1=" " ind2=" ">
    <subfield code="c">9675</subfield>
    <subfield code="d">9675</subfield>
  </datafield>
  <datafield tag="952" ind1=" " ind2=" ">
    <subfield code="0">0</subfield>
    <subfield code="1">0</subfield>
    <subfield code="4">0</subfield>
    <subfield code="7">0</subfield>
    <subfield code="a">ATENEOM</subfield>
    <subfield code="b">ATENEOM</subfield>
    <subfield code="c">DEPO2</subfield>
    <subfield code="d">2008-01-17</subfield>
    <subfield code="e">SC</subfield>
    <subfield code="l">0</subfield>
    <subfield code="o">L-17088-90</subfield>
    <subfield code="p">1009874</subfield>
    <subfield code="r">2023-02-23 00:00:00</subfield>
    <subfield code="w">2023-02-23</subfield>
    <subfield code="y">MONOGRAFIA</subfield>
  </datafield>
</record>
